| 000 | 01209nam a22003617a 4500 | ||
|---|---|---|---|
| 001 | BR2011000853 | ||
| 003 | BR-BrBNA | ||
| 005 | 20230928103611.0 | ||
| 007 | ta | ||
| 008 | 230509b bl.||||| |||| 00| 0 por d | ||
| 040 |
_aBR-BrBNA _bpor _cBiblioteca Nacional de Agricultura |
||
| 041 | _a(Eng, Por) | ||
| 072 |
_aF30 _b1830 |
||
| 090 | _ 1830 BR2011000853 | ||
| 100 | 1 | _aMadeira, M.C.B. | |
| 110 | 1 |
_aUniversidade de Brasília, Brasília, DF (Brasil). Depto. de Biologia Vegetal _0Tese ( Mestre em Fitopatologia) _910465 |
|
| 245 | 1 | _aCaracterização de germoplasma de berinjela (Solanum melongena L.)e avaliação de resistência a colletotrichum gloeosporioides (Penzig)e Saccardo | |
| 260 | 3 |
_aBrasília, DF (Brasil): _c1989. |
|
| 300 | _a267 p. | ||
| 500 | _aSummaries.; several bibliographies.; 31 illus.; 22 tables | ||
| 650 | _aCOLLETOTRICHUM GLOEOSPORIOIDES | ||
| 650 | _aGERMOPLASMA | ||
| 650 | _aANTRACNOSE | ||
| 650 | _aBERINJELA | ||
| 650 | _aPATÓGENO | ||
| 650 | _aDOENÇA DE PLANTA | ||
| 650 | _aCONTROLE QUÍMICO | ||
| 650 | _aCONTROLE GENÉTICO | ||
| 650 | _aCONTROLE CULTURAL | ||
| 650 | _aINOCULAÇÃO | ||
| 909 |
_a202309 _bLucia _c55 _dLucia Elande |
||
| 942 | _cBK | ||
| 999 |
_c75770 _d75770 |
||